logo

Bir Sreshtho Munshi Abdur Rouf Library
Jhenaidah Cadet College

A revision course in English / (Record no. 8834)

MARC details
000 -LEADER
fixed length control field 00519nam a22002052i 4500
001 - CONTROL NUMBER
JCCL Control Number 8834
003 - CONTROL NUMBER IDENTIFIER
JCCL marc code BD - JhCC
005 - DATE AND TIME OF LATEST TRANSACTION
control field 20180712120724.0
008 - FIXED-LENGTH DATA ELEMENTS--GENERAL INFORMATION
fixed length control field 500101s1955 xxk 000 0 eng d
035 ## - SYSTEM CONTROL NUMBER
system control number (BD - JhCC)8834
040 ## - CATALOGING SOURCE
Original cataloging agency UKM
Transcribing agency UKM
Modifying agency EQO
-- BD - JhCC
041 ## - LANGUAGE CODE
Language code of Book eng
082 ## - DEWEY DECIMAL CLASSIFICATION NUMBER
Classification number 428
DDC Edition number 18
Author mark and Year OLI 1955
100 1# - MAIN ENTRY--PERSONAL NAME
Personal name Oliphant, Lancelot.
245 12 - TITLE STATEMENT
Title A revision course in English /
Statement of responsibility, etc Lancelot Oliphant,
260 ## - PUBLICATION, DISTRIBUTION, ETC. (IMPRINT)
Place of publication, distribution, etc Odhams Press,
Date of publication, distribution, etc 1955
300 ## - PHYSICAL DESCRIPTION
Pagination 175 p. ;
Dimensions 20 cm
942 ## - ADDED ENTRY ELEMENTS (KOHA)
Source of classification or shelving scheme Dewey Decimal Classification
Koha item type Books
Holdings
Source of classification or shelving scheme Damaged status Not for loan Home library Current library Shelving location Total Checkouts Full call number Barcode Date last seen Copy number Koha item type
Dewey Decimal Classification     JCC Rouf Library JCC Rouf Library General Stacks   428 OLI 1955 11421 03/04/2018 C - 1 Books

JCC Library | Contacts | JCC Home

Last Update on 23 September 2017
Copyright @ 2017-2020 JCC Rouf Library
Rouf Library, Jhenidah Cadet College (JCC), Bangladesh